000 00264nam a22001217a 4500
008 181016b xxu||||| |||| 00| 0 eng d
041 _aeng
080 _a621
100 _a41
101 _aNDE
245 _aBasic Technical Drawing
_cDygdon.S
942 _2udc
_cBK
999 _c49836
_d49836